000 01148cam a2200313 i 4500
001 64697
003 Mx-PuUPA
005 20230130105009.0
008 160408s2006 mx d gr 000 | spa d
020 _a9709720120
040 _aMx-PuUPA
_bspa
_cMx-PuUPA
_dMx-PuUPA
_erda
041 0 _aspa
100 1 _aSánchez Aviña, José Guadalupe,
_eautor
_913662
245 1 3 _aEl proceso de la investigación de tesis :
_bun enfoque contextual /
_cJosé Guadalupe Sánchez Aviña
250 _aSegunda edición
264 1 _aPuebla, Pue. :
_bUniversidad Iberoamericana Puebla,
_c2006
300 _a151 páginas ;
_c22 cm
336 _atexto
_btxt
_2rdacontent
337 _2rdamedia
_asin medio
_bn
338 _2rdacarrier
_avolumen
_bnc
545 _aReimpresión: (Primera, febrero,2009).
650 7 _2armarc
_aTesis académicas
650 7 _2armarc
_aInvestigación
_xMetodología
650 7 _2armarc
_aInvestigación
_xEstudio y enseñanza
942 _2ddc
_cLI
_h808.066378072
_iS194
999 _c64697
_d64697